000 00321nam a2200145Ia 4500
008 191201s2008 xx 000 0 und d
082 _a331.1SII
100 _aSINGH,S.P
245 0 _aIndustrial Relations
250 _a1st
260 _aN. Delhi
_bAITBS Pub.
_c2008
300 _a325
650 _aBBA
942 _2ddc
_cBK
999 _c4870
_d4870